| 000 | 00733nam a2200241Ia 4500 | ||
|---|---|---|---|
| 003 | OSt | ||
| 005 | 20220926000836.0 | ||
| 006 | a|||||r|||| 00| 0 | ||
| 007 | ta | ||
| 008 | 220923b |||||||| |||| 00| 0 eng d | ||
| 037 | _cGeneral Book | ||
| 040 |
_aRTL _cRTL _beng |
||
| 041 |
_2eng _aeng |
||
| 082 | _aX:9B.2.N9, N6 | ||
| 100 |
_aChaudhri D P _9139690 |
||
| 245 | 0 | _aDynamic profile of child labour in India 1951-1991 | |
| 260 |
_a New Delhi _bInternational Labour Organisation _c1996 |
||
| 300 |
_axxviii, 252p. _ccm. |
||
| 500 | _achild labour action support programme | ||
| 650 |
_aChild Labour Economics _9237471 |
||
| 942 |
_hX:9B.2.N9, N6 _cGB _2CC |
||
| 999 |
_c599869 _d599869 |
||